| 000 | 02065nab a2200313 a 4500 | ||
|---|---|---|---|
| 005 | 20210219162150.0 | ||
| 008 | 991125s1985 mx 000 0 spa u | ||
| 035 | _aUPN01000198910 | ||
| 049 | _aART-E | ||
| 100 | 1 | _aMayorga, Claudia | |
| 100 | 1 | _umayorga.claudia@gmail.com | |
| 222 | _aATHENEA DIGITAL: REVISTA DE PENSAMIENTO E INVESTIGACION SOCIAL | ||
| 245 | _aAlgumas contribuicoes do feminismo a psicología social comunitária | ||
| 260 | _aEspaña | ||
| 300 | _a221-236 | ||
| 362 | 0 | _a2014 Vol. 14, no. 1 | |
| 520 | 3 | _aNeste artigo, analisamos as contribuições do debate feminista sobre interseccionalidade de categorias sociais para a psicologia social comunitária no Brasil. Esta se constituiu como campo teórico dedicado a analisar as desigualdades sociais que marcam as sociedades contemporâneas e a propor processos metodológicos de intervenção para problematização e transformação dessas realidades. Discutimos como a emergência de novos atores e demandas no espaço público, de forma distinta dos anos 1960/1970, tem exigido compreender as opressões a partir de sistemas de poder diversos, como os de gênero, de raça e de sexualidade. Conclui-se que a análise interseccional deve considerar diversos níveis de relação entre as categorias, o histórico diferenciado destas e os aspectos comuns dos distintos sistemas de poder, como naturalização das desigualdades, relação entre o público e o privado e relação entre igualdade e diferença. As análises baseadas na interseccionalidade podem contribuir para processos de intervenção social que considerem a complexidade das sociedades contemporâneas. | |
| 546 | _aTexto en portugués | ||
| 653 | 0 | _aFEMINISMO | |
| 653 | 0 | _aPSICOLOGIA SOCIAL COMUNITARIA | |
| 653 | 0 | _aINTERVENCION SOCIAL | |
| 653 | 0 | _aBRASIL | |
| 856 | 4 | _uhttp://atheneadigital.net/article/view/v14-n1-mayorga/pdf | |
| 905 | _aArticulo | ||
| 336 | _atexto$2rdacontent | ||
| 337 | _acomputadora$2rdamedia | ||
| 338 | _arecurso en linea$2rdacarrier | ||
| 999 |
_c171011 _d171011 |
||